Statistics for Cities With One Million People by Letter - D

Click here to take the quiz!

General Stats

  • This quiz has been taken 759 times
  • The average score is 15 of 24

Answer Stats

City % Correct
Dublin
99%
Dallas
97%
Detroit
97%
Denver
96%
Dubai
92%
Dakar
92%
Dhaka
90%
Damascus
90%
Delhi
88%
Dar es Salaam
86%
Durban
85%
Doha
84%
Donetsk
60%
Douala
48%
Dalian
47%
Daegu
47%
Denpasar
41%
Dnipropetrovsk
40%
Dammam
38%
Davao
36%
Daejeon
13%
Datong
9%
Daqing
8%
Dhanbad
7%

Score Distribution

Percentile by Number Answered

Percent of People with Each Score

Your Score History

You have not taken this quiz